| 000 | | | 05862cbc2a2200000#x 450 |
| 001 | | | ef2cd3f1-55fd-4996-9542-f99048861d2e |
| 005 | | | 20200114122150.0 |
| 100 | ## | $a | 20170703l18481851k l0rusy0189 ca |
| 101 | 0# | $a | rus |
| 102 | ## | $a | RU |
| 200 | 1# | $a | Дело о назначении торгов на освещение ламповым маслом Большого, Михайловского и Каменноостровского театров и о заключении контракта с купцом Кондратьевым |
| | $j | 1 февраля 1848 г. - 2 августа 1851 г. |
| 251 | ## | $c | Дело |
| 300 | ## | $a | По Санкт-Петербургской дирекции за 1848 год |
| 300 | ## | $a | Рукописный текст. Чернила |
| 801 | #0 | $a | RU |
| | $b | РГИА |
| | $c | 20170703 |
| 801 | #1 | $a | RU |
| | $b | ГлавНИВЦ |
| | $c | 20170703 |
| | $2 | rusmarc |
| 801 | #2 | $a | RU |
| | $b | ПБ им. Б.Н. Ельцина |
| | $c | 20181227 |
| | $g | RCR |
| | $2 | rusmarc |
| 850 | ## | $a | Федеральное казенное учреждение "Российский государственный исторический архив" (РГИА) |
| 852 | ## | $a | РГИА |
| | $j | 11724 |
| 937 | ## | $h | РГИА |
| | $d | 12246917 |
| | $a | ASBIBLIO_SCAN |
| 462 | #0 | $1 | 001dd3991dc-24e1-42ec-8838-ca4255420416 |
| | $1 | 2001 |
| | $a | 1746-1850 гг. |
| | $v | Д. 11724 |
| | $1 | 251 |
| | $c | Опись |
| | $1 | 852 |
| | $j | 1 |
| 461 | #0 | $1 | 0019264ebf8-de62-4f1a-9eb4-9f22098dbbd5 |
| | $1 | 2001 |
| | $a | Дирекция императорских театров МИДв |
| | $1 | 251 |
| | $c | Фонд |
| | $1 | 852 |
| | $j | 497 |
| 215 | ## | $a | 101 лист |
| | $d | 36,5х26 см |
| 371 | ## | $a | Документ не является опубликованным и широко распространяемым |
| 105 | ## | $a | y### |
| 122 | 2# | $a | d18480201## |
| | $a | d18510802## |
| 035 | ## | $a | ef2cd3f1-55fd-4996-9542-f99048861d2e |
| 856 | ## | $u | http://readingroom.main.prlib.ru/item.aspx?id_node=n122568163&mode=full |
| 606 | 1# | $2 | nlr_sh1 |
| | $3 | RU\NLR\AUTH\66822028 |
| | $a | Театры |
| | $x | Освещение |
| | $j | Документы и материалы |
| 601 | 02 | $2 | nlr_sh1 |
| | $3 | RU\NLR\AUTH\66822028 |
| | $a | Большой (Каменный) театр |
| | $c | Санкт-Петербург, город |
| | $x | История |
| | $j | Документы и материалы |
| 601 | 02 | $2 | prlib_sh |
| | $3 | LIBNET\UAF\0000084411 |
| | $a | Михайловский театр |
| | $c | Санкт-Петербург, город |
| | $x | История |
| | $j | Документы и материалы |
| 601 | 02 | $2 | prlib_sh |
| | $3 | LIBNET\UAF\0000084537 |
| | $a | Каменноостровский театр |
| | $c | Санкт-Петербург, город |
| | $x | История |
| | $j | Документы и материалы |
| 686 | ## | $2 | rubbk |
| | $a | 85.33 |
| | $v | LBC/M |
| 686 | ## | $a | 63.3(2)52-7 |
| | $v | LBC/M |
| | $2 | rubbk |
| 605 | ## | $2 | acquisition_Prlib |
| | $3 | LIBNET\UAF\0000080478 |
| | $a | Год театра в России |
| | $l | коллекция |
| 605 | ## | $2 | acquisition_Prlib |
| | $3 | DITM\AF\0000004166 |
| | $a | Россия в лицах |
| | $l | коллекция |